| 000 | 01059nam0a22002771 4500 | ||
|---|---|---|---|
| 001 | v19\rc\1969239 | ||
| 005 | 20251118181051.8 | ||
| 035 | _a(NLR Aleph) 005051558 | ||
| 090 |
_a6900078 _c6900078 |
||
| 100 | _a20080428d1914 u y0rusy50 ca | ||
| 101 | 0 | _arus | |
| 102 | _aRU | ||
| 105 | _ay b ||||| | ||
| 200 | 1 | _aКаталог Выставки картин и рисунков русских художников из собрания [ум.] П.В. Деларова. С.-Петербург, февр. 1914 | |
| 210 |
_aСанкт-Петербург _d1914 |
||
| 215 |
_a19 с. _d18 |
||
| 702 | 1 |
_aДеларов _bП.В. _f1853-1913 _gПавел Викторович _4570 |
|
| 710 | 1 | 2 |
_aВыставка картин и рисунков русских художников из собрания П.В. Деларова _f1914 _eПетербург |
| 801 | 0 |
_aRU _bNLR _gpsbo |
|
| 801 | 0 |
_aRU _bRuMoRGB _2psbo |
|
| 801 | 1 |
_aRU _bProSoft-M _2rusmarc |
|
| 852 |
_aNLR _j37.53.8.175 |
||
| 899 |
_aRuMoRGB _jГр |
||
| 899 | _aБАН | ||
| 942 | _cBOOK | ||
| 980 | _aNB | ||